[Event "Keres Memorial rap 28th"]
[Site "Tallinn"]
[Date "2019.01.12"]
[Round "2"]
[White "Moiseenko, Alexander"]
[Black "Narva, Jaan"]
[Result "1-0"]
[WhiteElo "2640"]
[BlackElo "2140"]
[PlyCount "77"]
[EventDate "2019.01.12"]
[EventType "swiss (rapid)"]
[EventRounds "11"]
[EventCountry "EST"]
[SourceTitle "CBM 188 Extra"]
[Source "ChessBase"]
[SourceDate "2019.02.26"]
[SourceVersion "1"]
[SourceVersionDate "2019.02.26"]
[SourceQuality "1"]

1. d4 d5 2. c4 c6 3. Nf3 Nf6 4. Nc3 dxc4 5. a4 Bf5 6. Nh4 e6 7. Nxf5 exf5 8. e3 Bd6 9. Bxc4 0-0 10. Qf3 g6 11. h3 Na6 12. g4 Nb4 13. Kf1 f4 14. Kg2 Bc7 15. Bd2 a5 16. Rad1 Kg7 17. Bc1 fxe3 18. fxe3 Qe7 19. e4 Rae8 20. Bg5 h6 21. Bxf6+ Qxf6 22. Qxf6+ Kxf6 23. e5+ Ke7 24. Ne4 Rd8 25. Rd2 Nd5 26. Bxd5 cxd5 27. Nf6 Ke6 28. Rf1 Bb6 29. Nh7 f5 30. Nxf8+ Rxf8 31. gxf5+ gxf5 32. Rf3 Bd8 33. Rb3 f4 34. Kf3 Rf7 35. Rg2 Bg5 36. Rb6+ Kf5 37. h4 Bxh4 38. Rxh6 Bg3 39. Rg1 1-0

[Event "Heart of Finland op 28th"]
[Site "Jyvaskyla"]
[Date "2018.07.22"]
[Round "9"]
[White "Narva, Jaan"]
[Black "Iivonen, Markku"]
[Result "0-1"]
[WhiteElo "2154"]
[BlackElo "2075"]
[PlyCount "52"]
[EventDate "2018.07.16"]
[EventType "swiss"]
[EventRounds "9"]
[EventCountry "FIN"]
[SourceTitle "CBM 185 Extra"]
[Source "ChessBase"]
[SourceDate "2018.07.29"]
[SourceVersion "1"]
[SourceVersionDate "2018.07.29"]
[SourceQuality "1"]

1. e4 e6 2. Nf3 d5 3. e5 c5 4. b4 cxb4 5. d4 Nc6 6. a3 Bd7 7. axb4 Bxb4+ 8. c3 Be7 9. Bd3 g5 10. h4 g4 11. Ng5 h5 12. f3 Nh6 13. fxg4 hxg4 14. g3 Qb6 15. Rf1 Nxd4 16. cxd4 Qxd4 17. Ra2 Bb4+ 18. Ke2 Qxe5+ 19. Kf2 Nf5 20. Qxg4 Rxh4 21. Re2 Rh2+ 22. Kg1 Rxe2 23. Qxe2 Qxg3+ 24. Kh1 0-0-0 25. Bxf5 Rh8+ 26. Bh3 Bc6 0-1

[Event "EST-ch U20"]
[Site "Tallinn"]
[Date "2018.04.29"]
[Round "7"]
[White "Narva, Jaan"]
[Black "Ivanov, Platon Jaan"]
[Result "0-1"]
[WhiteElo "2140"]
[BlackElo "2271"]
[PlyCount "96"]
[EventDate "2018.04.25"]
[EventType "swiss"]
[EventRounds "9"]
[EventCountry "EST"]
[SourceTitle "CBM 184 Extra"]
[Source "ChessBase"]
[SourceDate "2018.06.28"]
[SourceVersion "1"]
[SourceVersionDate "2018.06.28"]
[SourceQuality "1"]

1. d4 Nf6 2. Nf3 g6 3. g3 Bg7 4. Bg2 d5 5. 0-0 0-0 6. c4 c6 7. cxd5 cxd5 8. Ne5 e6 9. Nc3 Nfd7 10. Nxd7 Bxd7 11. Be3 Nc6 12. Qd2 Qe7 13. Rfd1 Rfc8 14. Rac1 b6 15. h4 Qb4 16. h5 Na5 17. Nb1 Qe7 18. hxg6 hxg6 19. b3 Rxc1 20. Rxc1 Nc6 21. Bg5 Qf8 22. Be3 Rc8 23. a3 Bf6 24. Rd1 Qg7 25. Bf1 Na5 26. Qd3 Nc6 27. b4 Ne7 28. g4 g5 29. Qa6 Rc7 30. b5 Nc8 31. Qa4 Nd6 32. Qb4 Qf8 33. a4 Nc4 34. Qb3 Nxe3 35. fxe3 Rc4 36. Rd3 Rb4 37. Qd1 a6 38. Nc3 axb5 39. Nxb5 Bxb5 40. axb5 Rxb5 41. Qa4 Rb1 42. Rb3 Rxb3 43. Qxb3 Qd6 44. Kg2 Bd8 45. e4 dxe4 46. Qe3 Qf4 47. Qh3 e3 48. Qf3 Qxd4 0-1

[Event "EST-ch U20"]
[Site "Tallinn"]
[Date "2018.04.26"]
[Round "2"]
[White "Pedoson, Georg Aleksander"]
[Black "Narva, Jaan"]
[Result "0-1"]
[WhiteElo "2163"]
[BlackElo "2140"]
[PlyCount "96"]
[EventDate "2018.04.25"]
[EventType "swiss"]
[EventRounds "9"]
[EventCountry "EST"]
[SourceTitle "CBM 184 Extra"]
[Source "ChessBase"]
[SourceDate "2018.06.28"]
[SourceVersion "1"]
[SourceVersionDate "2018.06.28"]
[SourceQuality "1"]

1. d4 Nf6 2. c4 e6 3. Nc3 Bb4 4. f3 c5 5. d5 d6 6. e4 Bxc3+ 7. bxc3 e5 8. Bd3 Nbd7 9. Ne2 h6 10. Be3 Qe7 11. Qd2 Nf8 12. h4 Bd7 13. g4 0-0-0 14. 0-0-0 Kb8 15. Ng3 h5 16. g5 Ne8 17. Rdf1 Bc8 18. Qf2 Ng6 19. Re1 Qc7 20. Rh2 Qa5 21. Kb2 Bd7 22. Nf5 Qc7 23. Ng3 Qb6+ 24. Ka1 Qa5 25. Qd2 Bc8 26. Rc1 Qc7 27. Be2 f6 28. Rg1 Qf7 29. f4 exf4 30. Bxf4 fxg5 31. Bxg5 Nf6 32. Rf2 Ne5 33. Qf4 Rdf8 34. Bxf6 gxf6 35. Nf5 Bxf5 36. Qxf5 Rfg8 37. Rfg2 Rxg2 38. Rxg2 Kc7 39. Kb1 Qh7 40. Kc2 Qh6 41. Rg3 a6 42. a4 Kb6 43. Qe6 Qf8 44. Bxh5 Ka5 45. Be2 Rxh4 46. Kb3 Rh2 47. Rg8 Rxe2 48. Rxf8 Nd3 0-1

[Event "Heinola Suomi 100 ottelu Vierumaki"]
[Site "Heinola"]
[Date "2017.11.18"]
[Round "2"]
[White "Heinola, Vesa Pekka"]
[Black "Narva, Jaan"]
[Result "1/2-1/2"]
[WhiteElo "2260"]
[BlackElo "2129"]
[PlyCount "50"]
[EventDate "2017.11.17"]
[EventType "swiss"]
[EventRounds "3"]
[EventCountry "FIN"]
[SourceTitle "EXT 2022"]
[Source "ChessBase"]
[SourceDate "2021.10.06"]
[SourceVersion "1"]
[SourceVersionDate "2021.10.06"]
[SourceQuality "1"]

1. d4 Nf6 2. c4 e6 3. Nf3 d5 4. Nc3 Be7 5. Bg5 0-0 6. Qc2 Nbd7 7. cxd5 exd5 8. e3 Re8 9. Bd3 Nf8 10. h3 Be6 11. 0-0 Nh5 12. Bxe7 Qxe7 13. Kh1 g6 14. Rac1 Rad8 15. Ne2 c6 16. g4 Ng7 17. Nf4 Bc8 18. Qc5 Qxc5 19. Rxc5 f5 20. Ne5 fxg4 21. hxg4 Nd7 22. Nxd7 Bxd7 23. Be2 Ne6 24. Nxe6 Rxe6 25. Kg2 g5 1/2-1/2

[Event "Heinola Suomi 100 ottelu Vierumaki"]
[Site "Heinola"]
[Date "2017.11.18"]
[Round "3"]
[White "Narva, Jaan"]
[Black "Mede, Istvan"]
[Result "0-1"]
[WhiteElo "2129"]
[BlackElo "2281"]
[PlyCount "42"]
[EventDate "2017.11.17"]
[EventType "swiss"]
[EventRounds "3"]
[EventCountry "FIN"]
[SourceTitle "EXT 2022"]
[Source "ChessBase"]
[SourceDate "2021.10.06"]
[SourceVersion "1"]
[SourceVersionDate "2021.10.06"]
[SourceQuality "1"]

1. d4 Nf6 2. Nf3 g6 3. c4 Bg7 4. Nc3 0-0 5. e4 d6 6. Bg5 h6 7. Bh4 Qe8 8. Be2 c6 9. e5 Nh5 10. Qd2 f5 11. exf6 exf6 12. 0-0-0 f5 13. h3 Na6 14. Rde1 Qf7 15. g4 fxg4 16. Nh2 Qf4 17. Bxg4 Qxd2+ 18. Kxd2 Bxd4 19. Bxh5 gxh5 20. Rhg1+ Kh8 21. Ne4 Be5 0-1

[Event "Viljandi Raud Memorial 50th"]
[Site "Viljandi"]
[Date "2016.06.28"]
[Round "2"]
[White "Chukavin, Kirill"]
[Black "Narva, Jaan"]
[Result "1-0"]
[WhiteElo "2146"]
[BlackElo "2145"]
[PlyCount "77"]
[EventDate "2016.06.27"]
[EventType "swiss"]
[EventRounds "9"]
[EventCountry "EST"]
[SourceTitle "CBM 173 Extra"]
[Source "ChessBase"]
[SourceDate "2016.08.29"]
[SourceVersion "1"]
[SourceVersionDate "2016.08.29"]
[SourceQuality "1"]

1. e4 d5 2. exd5 Qxd5 3. Nc3 Qd8 4. Nf3 Bg4 5. Bc4 e6 6. h3 Bxf3 7. Qxf3 c6 8. d3 Nd7 9. Qe2 Ngf6 10. Bd2 Be7 11. a4 0-0 12. h4 Nd5 13. Ne4 Qb6 14. 0-0-0 Bb4 15. c3 Be7 16. h5 Ne5 17. h6 g6 18. Bg5 Bxg5+ 19. Nxg5 Qc7 20. g3 Rae8 21. f4 Nd7 22. Rhe1 Qa5 23. Qc2 b5 24. axb5 cxb5 25. Bxd5 exd5 26. Nf3 b4 27. c4 Rc8 28. b3 Rfe8 29. Kb1 f6 30. f5 gxf5 31. Nd4 dxc4 32. Rxe8+ Rxe8 33. Qxc4+ Kf8 34. Rf1 Ne5 35. Ne6+ Ke7 36. Qc5+ Qxc5 37. Nxc5 Rd8 38. Rxf5 Nxd3 39. Ne4 1-0

[Event "EST-ch"]
[Site "Tallinn"]
[Date "2016.01.28"]
[Round "5"]
[White "Narva, Jaan"]
[Black "Krupenski, Juri"]
[Result "0-1"]
[WhiteElo "2208"]
[BlackElo "2406"]
[PlyCount "60"]
[EventDate "2016.01.26"]
[EventType "swiss"]
[EventRounds "9"]
[EventCountry "EST"]
[SourceTitle "CBM 170 Extra"]
[Source "ChessBase"]
[SourceDate "2016.02.25"]
[SourceVersion "1"]
[SourceVersionDate "2016.02.25"]
[SourceQuality "1"]

1. d4 Nf6 2. c4 e6 3. Nc3 Bb4 4. f3 d5 5. a3 Be7 6. e4 dxe4 7. fxe4 e5 8. d5 Bc5 9. Bd3 Ng4 10. Nh3 Qh4+ 11. Kd2 Ne3 12. Qf3 0-0 13. Nb5 a6 14. Nxc7 Ra7 15. Nf2 b5 16. g3 Qd8 17. cxb5 Rxc7 18. Ke2 Nc2 19. Bxc2 Bxf2 20. Bd3 Bd4 21. a4 axb5 22. axb5 Nd7 23. Ra3 Rxc1 24. Rxc1 Bxb2 25. Rac3 Bxc1 26. Rxc1 Nf6 27. Qe3 Qa5 28. Qc5 Bg4+ 29. Ke3 Nd7 30. Qc7 Qa4 0-1

[Event "Heart of Finland op 24th"]
[Site "Jyvaskyla"]
[Date "2014.07.08"]
[Round "3"]
[White "Malinovsky, Ilya"]
[Black "Narva, Jaan"]
[Result "1/2-1/2"]
[WhiteElo "1903"]
[BlackElo "2263"]
[PlyCount "97"]
[EventDate "2014.07.07"]
[EventType "swiss"]
[EventRounds "9"]
[EventCountry "FIN"]
[SourceTitle "EXT 2019"]
[Source "ChessBase"]
[SourceDate "2018.10.10"]
[SourceVersion "1"]
[SourceVersionDate "2018.10.10"]
[SourceQuality "1"]

1. e4 d6 2. d4 Nf6 3. Nc3 e5 4. dxe5 dxe5 5. Qxd8+ Kxd8 6. Bg5 c6 7. 0-0-0+ Nbd7 8. Nf3 Ke8 9. h3 Bc5 10. Bh4 Ke7 11. Bc4 h6 12. Bg3 Bd6 13. Bxf7 g5 14. Bb3 Nh5 15. Bh2 Rf8 16. Ne2 Nf4 17. Bxf4 gxf4 18. Nh4 Rf6 19. Nf5+ Rxf5 20. exf5 Nf6 21. g4 fxg3 22. Nxg3 e4 23. Nxe4 Nxe4 24. Rhe1 Bxf5 25. f3 Be5 26. fxe4 Bxh3 27. Rd3 Bg4 28. Rf1 Rf8 29. Rxf8 Kxf8 30. c3 Ke7 31. Bd1 Be6 32. b3 a5 33. a4 h5 34. Bxh5 Bxb3 35. Bd1 Bc4 36. Rh3 b5 37. Kb2 b4 38. Kc2 Kd6 39. cxb4 axb4 40. Kb1 c5 41. Bb3 Be2 42. Rh6+ Kd7 43. a5 c4 44. Ba4+ Ke7 45. Rh7+ Ke6 46. Rh3 b3 47. a6 Bd4 48. Bb5 Ke5 49. Rxb3 1/2-1/2

[Event "Heart of Finland op 24th"]
[Site "Jyvaskyla"]
[Date "2014.07.08"]
[Round "2"]
[White "Narva, Jaan"]
[Black "Chernyak, Viktoria"]
[Result "1/2-1/2"]
[WhiteElo "2263"]
[BlackElo "2107"]
[PlyCount "124"]
[EventDate "2014.07.07"]
[EventType "swiss"]
[EventRounds "9"]
[EventCountry "FIN"]
[SourceTitle "CBM 161 Extra"]
[Source "ChessBase"]
[SourceDate "2014.08.29"]
[SourceVersion "1"]
[SourceVersionDate "2014.08.29"]
[SourceQuality "1"]

1. Nf3 Nf6 2. c4 g6 3. Nc3 Bg7 4. e4 d6 5. d4 0-0 6. Be2 Nbd7 7. 0-0 e5 8. Re1 c6 9. Bf1 Qb6 10. Na4 Qc7 11. d5 Nh5 12. Nc3 a5 13. Be3 f5 14. exf5 gxf5 15. c5 f4 16. dxc6 fxe3 17. Qd5+ Kh8 18. cxd7 exf2+ 19. Kxf2 Bxd7 20. Qxd6 Qxd6 21. cxd6 Bc6 22. Bb5 Nf4 23. Re3 Nd5 24. Nxd5 Bxd5 25. b3 e4 26. Rd1 Bh6 27. Rxd5 Bxe3+ 28. Kxe3 exf3 29. gxf3 Kg7 30. f4 Kf6 31. Re5 Rad8 32. d7 Rf7 33. Rh5 Ke7 34. a4 Kd6 35. Ke4 Re7+ 36. Kd4 Rf7 37. Rh6+ Kc7 38. Ke5 Rdf8 39. Rh4 Rf5+ 40. Ke4 h5 41. Be2 Kxd7 42. Bxh5 R5f6 43. Be2 Kd6 44. Bc4 Re8+ 45. Kf3 Ref8 46. Rg4 Kc5 47. h4 Kd6 48. Kg3 Rf5 49. Bd3 Rc5 50. Bc4 Rcf5 51. Kf3 b6 52. Bg8 b5 53. Bh7 Rc5 54. Rg6+ Ke7 55. Ra6 Rc3+ 56. Kg4 Rxb3 57. Rxa5 Rb4 58. Rxb5 Rfxf4+ 59. Kg5 Rg4+ 60. Kf5 Rxa4 61. h5 Raf4+ 62. Ke5 Rg5+ 1/2-1/2

[Event "Viljandi Raud Memorial 47th"]
[Site "Viljandi"]
[Date "2013.07.06"]
[Round "8"]
[White "Tominga, Eke"]
[Black "Narva, Jaan"]
[Result "1-0"]
[WhiteElo "1993"]
[BlackElo "2300"]
[PlyCount "89"]
[EventDate "2013.07.01"]
[EventType "swiss"]
[EventRounds "9"]
[EventCountry "EST"]
[SourceTitle "CBM 155 Extra"]
[Source "ChessBase"]
[SourceDate "2013.08.26"]
[SourceVersion "1"]
[SourceVersionDate "2013.08.26"]
[SourceQuality "1"]

1. e4 d6 2. d4 Nf6 3. Nc3 e5 4. Nf3 Nbd7 5. Bc4 Be7 6. Bxf7+ Kxf7 7. Ng5+ Kg8 8. Ne6 Qe8 9. Nxc7 Qd8 10. Nxa8 h6 11. Be3 Kh7 12. dxe5 Nxe5 13. Nd5 Nxd5 14. Qxd5 Nc6 15. Rd1 Bd7 16. Bf4 Qxa8 17. Bxd6 Re8 18. Bxe7 Rxe7 19. 0-0 Qe8 20. f3 Be6 21. Qc5 Qf7 22. Rd6 Re8 23. Rfd1 a6 24. a4 a5 25. R1d2 g5 26. Rf2 Qf4 27. Rf1 Kg7 28. b3 Qf7 29. h4 Qf4 30. hxg5 hxg5 31. Qc3+ Kf7 32. Qd2 Qe5 33. f4 Qc5+ 34. Rf2 Ke7 35. Rd3 Qb4 36. Qe3 Rg8 37. f5 Bc8 38. f6+ Kf7 39. Qf3 Rh8 40. Qg3 Qe1+ 41. Rf1 Qxg3 42. Rxg3 g4 43. Rd3 Be6 44. Rd6 Rh6 45. Rxe6 1-0

[Event "Viljandi Raud Memorial 47th"]
[Site "Viljandi"]
[Date "2013.07.02"]
[Round "3"]
[White "Narva, Jaan"]
[Black "Shvyrjov, Igor"]
[Result "0-1"]
[WhiteElo "2300"]
[BlackElo "2461"]
[PlyCount "92"]
[EventDate "2013.07.01"]
[EventType "swiss"]
[EventRounds "9"]
[EventCountry "EST"]
[SourceTitle "CBM 155 Extra"]
[Source "ChessBase"]
[SourceDate "2013.08.26"]
[SourceVersion "1"]
[SourceVersionDate "2013.08.26"]
[SourceQuality "1"]

1. e4 c5 2. Nf3 Nc6 3. Nc3 d6 4. d4 cxd4 5. Nxd4 Nf6 6. Bc4 e6 7. Be3 Be7 8. Qe2 a6 9. 0-0-0 Qc7 10. Bb3 Na5 11. Kb1 b5 12. f3 h5 13. h4 b4 14. Na4 Nxb3 15. cxb3 Bd7 16. Rc1 Qb7 17. Bg5 0-0 18. e5 dxe5 19. Qxe5 Rac8 20. Nc5 Rxc5 21. Rxc5 Bxc5 22. Qxc5 Rc8 23. Qe5 Nd5 24. Bd2 Qb6 25. Re1 Rc5 26. Qe4 a5 27. f4 Nf6 28. Qd3 Qd6 29. Be3 Bc6 30. Ka1 Bxg2 31. Rg1 Be4 32. Rxg7+ Kf8 33. Qd2 Rd5 34. Rg5 Ng4 35. Rxd5 Qxd5 36. a3 Bg6 37. Ka2 Qe4 38. f5 Qxe3 39. Qxe3 Nxe3 40. fxg6 fxg6 41. Kb1 Nf5 42. Nc6 g5 43. hxg5 h4 44. Ne5 h3 45. Ng4 Kg7 46. Kc2 Ne3+ 0-1

[Event "Viljandi Raud Memorial 47th"]
[Site "Viljandi"]
[Date "2013.07.02"]
[Round "2"]
[White "Tsiganova, Monika"]
[Black "Narva, Jaan"]
[Result "0-1"]
[WhiteElo "2110"]
[BlackElo "2300"]
[PlyCount "88"]
[EventDate "2013.07.01"]
[EventType "swiss"]
[EventRounds "9"]
[EventCountry "EST"]
[SourceTitle "CBM 155 Extra"]
[Source "ChessBase"]
[SourceDate "2013.08.26"]
[SourceVersion "1"]
[SourceVersionDate "2013.08.26"]
[SourceQuality "1"]

1. e4 d6 2. d4 Nf6 3. Nc3 e5 4. Nf3 Nbd7 5. Bc4 Be7 6. 0-0 0-0 7. h3 c6 8. a4 a5 9. Be3 Nb6 10. Bb3 Nfd7 11. Qe2 exd4 12. Bxd4 Nc5 13. Qe3 Nbd7 14. Ba2 Ne6 15. Rad1 Nxd4 16. Nxd4 Nc5 17. Qf3 Qb6 18. Bc4 Be6 19. b3 Bxc4 20. bxc4 Qb4 21. e5 dxe5 22. Nf5 Rae8 23. Rfe1 g6 24. Rxe5 gxf5 25. Rde1 Ne6 26. Rxf5 Ng7 27. Rb1 Nxf5 28. Rxb4 axb4 29. Ne4 Ng7 30. c5 Rd8 31. g3 Rd4 32. Qe3 Rd1+ 33. Kg2 f5 34. Ng5 Bxg5 35. Qxg5 f4 36. gxf4 Rd4 37. Qe7 Rf7 38. Qe5 Rdxf4 39. Qb8+ Rf8 40. Qxb7 Rxf2+ 41. Kg1 Rf1+ 42. Kg2 R8f2+ 43. Kg3 Nf5+ 44. Kg4 Rg1+ 0-1

[Event "Vaksali Raua Memorial 46th"]
[Site "Vaksali"]
[Date "2012.07.07"]
[Round "5"]
[White "Volodin, Aleksandr"]
[Black "Narva, Jaan"]
[Result "0-1"]
[WhiteElo "2498"]
[BlackElo "2300"]
[PlyCount "94"]
[EventDate "2012.07.07"]
[EventType "swiss (rapid)"]
[EventRounds "7"]
[EventCountry "EST"]
[SourceTitle "CBM 149 Extra"]
[Source "ChessBase"]
[SourceDate "2012.08.24"]
[SourceVersion "1"]
[SourceVersionDate "2012.08.24"]
[SourceQuality "1"]

1. d4 d5 2. c4 e6 3. Nc3 Nf6 4. cxd5 exd5 5. Bg5 c6 6. e3 Be7 7. Qc2 Nbd7 8. Bd3 0-0 9. Nf3 Re8 10. 0-0 Nf8 11. h3 Be6 12. Bf4 Rc8 13. Rad1 Ng6 14. Bh2 Nd7 15. Ne1 Rf8 16. f4 f5 17. g4 Nh4 18. Bg3 fxg4 19. Bxh7+ Kh8 20. Bxh4 Bxh4 21. hxg4 Bxg4 22. Rd2 Rf6 23. Rh2 Rh6 24. Bd3 Qf6 25. Nxd5 Qe6 26. e4 Nf8 27. Ne3 Bxe1 28. Rxe1 Bh3 29. e5 Rd8 30. f5 Qe7 31. f6 gxf6 32. Nf5 Qd7 33. Nxh6 Qxd4+ 34. Qf2 Qxf2+ 35. Kxf2 Rxd3 36. Re3 Rxe3 37. Kxe3 Be6 38. exf6 Kh7 39. Kf4 Kg6 40. Ke5 Bxa2 41. Ng4 Kg5 42. Rg2 Ng6+ 43. Kd6 Nh4 44. Rg1 Bb3 45. Ke7 Nf3 46. Rg2 Nh4 47. Rg3 Nf5+ 0-1

[Event "EST-chT 20th"]
[Site "Tallinn "]
[Date "2005.03.21"]
[Round "6"]
[White "Narva, Jaan"]
[Black "Vooremaa, Andres M"]
[Result "1-0"]
[WhiteElo "2293"]
[BlackElo "2255"]
[PlyCount "85"]
[EventDate "2005.03.17"]
[EventType "team-tourn"]
[EventRounds "7"]
[EventCountry "EST"]
[SourceTitle "EXT 2016"]
[Source "ChessBase"]
[SourceDate "2015.10.08"]
[SourceVersion "1"]
[SourceVersionDate "2015.10.08"]
[SourceQuality "1"]

1. e4 c5 2. Nf3 Nc6 3. d4 cxd4 4. Nxd4 Nf6 5. Nc3 Qc7 6. Be3 e6 7. Ndb5 Qb8 8. f4 d6 9. Qf3 Be7 10. Qg3 0-0 11. Bd3 a6 12. Nd4 e5 13. fxe5 dxe5 14. Nf5 Bxf5 15. exf5 Kh8 16. 0-0-0 Qc7 17. Qf3 Nd4 18. Nd5 Nxd5 19. Qxd5 Rad8 20. Qe4 f6 21. Kb1 b5 22. g4 Nc6 23. g5 Rfe8 24. g6 Bf8 25. c3 Na5 26. Bc2 Nc4 27. Bc1 Nd6 28. Qh4 h6 29. Rhe1 e4 30. Bxe4 Nc4 31. Bc2 Ne5 32. Rxd8 Rxd8 33. Rd1 Bd6 34. Bb3 Nc4 35. Bxc4 bxc4 36. Bxh6 gxh6 37. Qxf6+ Kg8 38. Qe6+ Kh8 39. f6 Qd7 40. Rxd6 Qxd6 41. g7+ Kh7 42. g8Q+ Rxg8 43. Qxd6 1-0

[Event "EST-chT 20th"]
[Site "Tallinn "]
[Date "2005.03.18"]
[Round "3"]
[White "Danilov, Nikolai"]
[Black "Narva, Jaan"]
[Result "0-1"]
[WhiteElo "2209"]
[BlackElo "2293"]
[PlyCount "106"]
[EventDate "2005.03.17"]
[EventType "team-tourn"]
[EventRounds "7"]
[EventCountry "EST"]
[SourceTitle "EXT 2016"]
[Source "ChessBase"]
[SourceDate "2015.10.08"]
[SourceVersion "1"]
[SourceVersionDate "2015.10.08"]
[SourceQuality "1"]

1. d4 Nf6 2. c4 g6 3. Nc3 Bg7 4. e4 0-0 5. Nf3 d6 6. Be2 c6 7. 0-0 a6 8. a4 a5 9. h3 e5 10. Be3 exd4 11. Nxd4 Re8 12. Qc2 Na6 13. Rad1 Qe7 14. Bf3 Be6 15. b3 Nc5 16. Rfe1 Nfd7 17. Be2 Nf6 18. Bf1 Rad8 19. Bc1 Bc8 20. g3 Qc7 21. Bg2 Qb6 22. Be3 Nfd7 23. Nce2 Nf6 24. Nc3 Rd7 25. Kh2 h5 26. f4 Rde7 27. Bf2 h4 28. g4 Bxg4 29. hxg4 Nxg4+ 30. Kg1 Nxf2 31. Qxf2 Nxb3 32. Nce2 Nc5 33. Rb1 Qc7 34. Qxh4 Nxe4 35. Nf3 Nc5 36. Ned4 Nxa4 37. f5 Nc5 38. f6 Rxe1+ 39. Nxe1 Qd8 40. Nef3 Bxf6 41. Qf4 Re4 42. Qd2 a4 43. Rd1 Qb6 44. Kh2 Qc7 45. Kh1 Qe7 46. Nc2 Rxc4 47. Ne3 Re4 48. Re1 a3 49. Nh2 Rxe3 50. Rxe3 Qxe3 51. Qxe3 a2 52. Ng4 a1Q+ 53. Kh2 Be5+ 0-1

[Event "EST-chT"]
[Site "Tallinn"]
[Date "2002.04.06"]
[Round "8"]
[White "Karner, Hillar"]
[Black "Narva, Jaan"]
[Result "1-0"]
[WhiteElo "2293"]
[BlackElo "2300"]
[PlyCount "91"]
[EventDate "2002.03.08"]
[EventType "team-tourn"]
[EventRounds "10"]
[EventCountry "EST"]
[SourceTitle "CBM 087 Extra"]
[Source "ChessBase"]
[SourceDate "2002.05.03"]
[SourceVersion "2"]
[SourceVersionDate "2002.08.09"]
[SourceQuality "1"]

1. e4 c5 2. Nf3 e6 3. d4 cxd4 4. Nxd4 a6 5. Bd3 Ne7 6. 0-0 Nbc6 7. Be3 Nxd4 8. Bxd4 Nc6 9. Bc3 b5 10. b3 Bb7 11. Nd2 Bb4 12. Bxb4 Nxb4 13. a3 Nxd3 14. cxd3 0-0 15. b4 f5 16. Nb3 fxe4 17. Nc5 Bd5 18. dxe4 Bc4 19. Nxd7 Rf4 20. Re1 a5 21. g3 Rf7 22. Ne5 Rc7 23. Qxd8+ Rxd8 24. Red1 Ra8 25. Rac1 axb4 26. axb4 Kf8 27. Ra1 Rxa1 28. Rxa1 Bb3 29. Kg2 Ba4 30. Ra2 Ke7 31. Rd2 Bc2 32. f3 Bb1 33. h4 Bc2 34. g4 Bb1 35. g5 Bc2 36. Kg3 Bb1 37. Kf4 Bc2 38. h5 Bb3 39. h6 gxh6 40. gxh6 Kf6 41. Rd8 Ke7 42. Rg8 Kd6 43. Rg7 Re7 44. Kg5 Re8 45. Kf6 Rf8+ 46. Rf7 1-0

[Event "EST-chT"]
[Site "Tallinn"]
[Date "2002.04.05"]
[Round "6"]
[White "Narva, Jaan"]
[Black "Kanep, Meelis"]
[Result "0-1"]
[WhiteElo "2300"]
[BlackElo "2358"]
[PlyCount "96"]
[EventDate "2002.03.08"]
[EventType "team-tourn"]
[EventRounds "10"]
[EventCountry "EST"]
[SourceTitle "CBM 087 Extra"]
[Source "ChessBase"]
[SourceDate "2002.05.03"]
[SourceVersion "2"]
[SourceVersionDate "2002.08.09"]
[SourceQuality "1"]

1. Nf3 Nf6 2. g3 c5 3. Bg2 Nc6 4. 0-0 e5 5. b3 d5 6. c4 d4 7. d3 h6 8. a3 Bd6 9. b4 cxb4 10. axb4 Nxb4 11. Ba3 Nc6 12. Nbd2 0-0 13. Qa4 Bxa3 14. Qxa3 Bg4 15. h3 Bh5 16. Rfb1 Rb8 17. Kf1 Bg6 18. Rb2 e4 19. dxe4 Nxe4 20. Nh4 Nc3 21. Qc5 Qf6 22. Bxc6 bxc6 23. Rxb8 Rxb8 24. Rxa7 d3 25. exd3 Bxd3+ 26. Kg2 Re8 27. Rd7 Ne4 28. Qe3 Bc2 29. Rd4 Qe6 30. Nxe4 Bxe4+ 31. f3 Bd5 32. Qxe6 Bxe6 33. g4 g5 34. Nf5 Bxf5 35. gxf5 Re5 36. Rd6 Rc5 37. Rxh6 Kg7 38. Rd6 Rxc4 39. Kg3 Kf8 40. Rd7 Kg7 41. Rd6 c5 42. Rc6 Kf8 43. Rc7 Kg7 44. Rc6 Rc1 45. f4 gxf4+ 46. Kxf4 c4 47. Kg3 c3 48. Kg2 c2 0-1

[Event "EST-chT"]
[Site "Parnu"]
[Date "2002.03.09"]
[Round "3"]
[White "Remmel, Anto"]
[Black "Narva, Jaan"]
[Result "1/2-1/2"]
[WhiteElo "2245"]
[BlackElo "2300"]
[PlyCount "106"]
[EventDate "2002.03.08"]
[EventType "team-tourn"]
[EventRounds "10"]
[EventCountry "EST"]
[SourceTitle "CBM 087 Extra"]
[Source "ChessBase"]
[SourceDate "2002.05.03"]
[SourceVersion "2"]
[SourceVersionDate "2002.08.09"]
[SourceQuality "1"]

1. e4 c5 2. Nf3 e6 3. c3 Nf6 4. e5 Nd5 5. d4 cxd4 6. cxd4 b6 7. Nc3 Nxc3 8. bxc3 Qc7 9. Bd2 d6 10. exd6 Bxd6 11. Bd3 Bb7 12. 0-0 Nd7 13. h3 Bd5 14. Ng5 Nf6 15. Bb5+ Bc6 16. Qa4 Bxb5 17. Qxb5+ Ke7 18. c4 Rhc8 19. Rac1 h6 20. Nf3 Ne4 21. Bb4 Qc6 22. Bxd6+ Nxd6 23. Qb4 Ke8 24. Ne5 Qc7 25. c5 bxc5 26. Rxc5 Qe7 27. Rfc1 Rxc5 28. dxc5 Qc7 29. Qa4+ Kf8 30. Rd1 Ne8 31. Qd4 Rc8 32. c6 Kg8 33. Qd7 Kh7 34. Qxc7 Rxc7 35. Rd8 Nf6 36. Rf8 Nd5 37. Rxf7 Rxf7 38. Nxf7 Kg6 39. Nd6 Nc7 40. f4 Kf6 41. Kf2 e5 42. f5 e4 43. Ke3 Ke5 44. Nxe4 Nd5+ 45. Kf3 Kxf5 46. a4 a6 47. Nc5 Nc7 48. Nd3 Ke6 49. Ke4 Kd6 50. Ne5 Nd5 51. Nf7+ Kxc6 52. Nd8+ Kd6 53. Nb7+ Kc6 1/2-1/2

[Event "EST-chA email 4th"]
[Site "Estonia"]
[Date "2002.02.15"]
[Round "?"]
[White "Narva, Jaan"]
[Black "Ueksti, Enn"]
[Result "1-0"]
[WhiteElo "2299"]
[BlackElo "2208"]
[PlyCount "27"]
[EventDate "2002.??.??"]
[EventType "tourn (corr)"]
[EventRounds "10"]
[EventCountry "EST"]
[SourceTitle "Corr 2006"]
[Source "ChessBase"]
[SourceDate "2006.04.01"]
[SourceVersion "3"]
[SourceVersionDate "2006.04.01"]
[SourceQuality "1"]

1. e4 e6 2. d4 d5 3. e5 c5 4. c3 Nc6 5. Nf3 Qb6 6. Be2 Nh6 7. Na3 cxd4 8. cxd4 Bxa3 9. bxa3 Nf5 10. Be3 Qa5+ 11. Qd2 Qxa3 12. 0-0 Ncxd4 13. Nxd4 Nxd4 14. Bxd4 1-0

[Event "EST-chA email 4th"]
[Site "Estonia"]
[Date "2002.02.15"]
[Round "?"]
[White "Trubetskoi, Roland"]
[Black "Narva, Jaan"]
[Result "1-0"]
[WhiteElo "2303"]
[BlackElo "2299"]
[PlyCount "63"]
[EventDate "2002.??.??"]
[EventType "tourn (corr)"]
[EventRounds "10"]
[EventCountry "EST"]
[SourceTitle "Corr 2006"]
[Source "ChessBase"]
[SourceDate "2006.04.01"]
[SourceVersion "3"]
[SourceVersionDate "2006.04.01"]
[SourceQuality "1"]

1. e4 e5 2. Nf3 Nc6 3. Bb5 a6 4. Ba4 Nf6 5. 0-0 Nxe4 6. d4 b5 7. Bb3 d5 8. dxe5 Be6 9. Qe2 Be7 10. Nbd2 Nc5 11. c3 d4 12. Rd1 0-0 13. Bxe6 fxe6 14. Nb3 d3 15. Qe3 Nxb3 16. axb3 Qd5 17. Rxd3 Qxb3 18. h3 Rfd8 19. Rxd8+ Nxd8 20. Qe2 Nf7 21. Bf4 Bc5 22. Rd1 Rd8 23. Rxd8+ Nxd8 24. Ng5 Qd5 25. Qh5 h6 26. Qe8+ Bf8 27. Nf3 Nc6 28. Qc8 a5 29. Qxc7 b4 30. cxb4 axb4 31. Qc8 Kf7 32. h4 1-0